00468nam a2200121 a 450000500170000000800410001705000230005810000270008124501050010826000800021330000320029365000210032520140310182404.0970101s19uu xx 00 eng d aHQ 680b.M538 1974 aMendez, Paz Policarpio aThe Filipino family :bin its rural and urban orientation /cPaz Policarpio Mendez, F. Landa Jocano. aManila :bCentro Escolar University Research and Development Center,c1974. aXviii, 394 p.; ill.; 22 cm. afamily, Filipino